| 000 | 00507cam a2200169 a 4500 | ||
|---|---|---|---|
| 020 | _a9789251088098 | ||
| 022 | _a10205292 | ||
| 040 | _cJNA | ||
| 082 | 0 | 0 | _a639 FOP 2015 C132 Or. |
| 245 | 0 | 0 | _aFishing operations. |
| 260 |
_aRome : _bFood and Agriculture Organization of the United Nations, _c2015. |
||
| 300 |
_a1 v. (various pagings) : _bill. ; _c21 cm. |
||
| 500 | _a"M-40"--T.p. verso. | ||
| 650 | 0 | _aFisheries. | |
| 710 | 2 | _aFood and Agriculture Organization of the United Nations. | |
| 942 | _cAEDBB | ||
| 999 |
_c20947 _d20947 |
||